Οι νόμοι των μεγάλων αριθμών και το κεντρικό οριακό θεώρημα : μεταπτυχιακή διατριβή
Η παρούσα διπλωματική αναφέρεται στη Θεωρία Μέτρου και θεωρία Πιθανοτήτων.Επίσης γίνεται εκτενής αναφορά στην έννοια της Μετρησιμότητας.
Αποθηκεύτηκε σε:
| Κύριος συγγραφέας: | |
|---|---|
| Συγγραφή απο Οργανισμό/Αρχή: | |
| Μορφή: | Thesis Βιβλίο |
| Γλώσσα: | Greek |
| Δημοσίευση: |
2009.
|
| Θέματα: | |
| Διαθέσιμο Online: | http://hdl.handle.net/11610/12189 |
| Ετικέτες: |
Προσθήκη ετικέτας
Δεν υπάρχουν, Καταχωρήστε ετικέτα πρώτοι!
|
MARC
| LEADER | 00000cam a2200000 i 4500 | ||
|---|---|---|---|
| 001 | 1/602 | ||
| 008 | 090716s2009 gr | |||| |||| ||gre|| | ||
| 035 | |l 10105298 | ||
| 040 | |a GR-MyUa |b gre |e AACR2 | ||
| 041 | 0 | |a gre | |
| 082 | 7 | |a 515.42 |2 (22) | |
| 100 | 1 | |a Χατζηκωνσταντή, Δέσπω. | |
| 245 | 1 | 3 | |a Οι νόμοι των μεγάλων αριθμών και το κεντρικό οριακό θεώρημα : |b μεταπτυχιακή διατριβή / |c Δέσπω Χατζηκωνσταντή ; επιβλέπων καθηγητής, Αντώνης Τσολομύτης. |
| 260 | |c 2009. | ||
| 300 | |a 85 σ. ; |c 30 εκ. | ||
| 500 | |a Μέλη της εξεταστικής επιτροπής: Αντώνης Τσολομύτης, Νίκος Καραχάλιος, Ευάγγελος Φελουζής. | ||
| 502 | |a Διατριβή (μεταπτυχιακή) – Πανεπιστήμιο Αιγαίου, Σάμος, 2009. | ||
| 504 | |a Βιβλιογραφία: σ. 85. | ||
| 506 | 1 | |a Διάθεση πλήρους κειμένου ; |d Ενδοπανεπιστημιακή δημοσίευση. | |
| 520 | |a Η παρούσα διπλωματική αναφέρεται στη Θεωρία Μέτρου και θεωρία Πιθανοτήτων.Επίσης γίνεται εκτενής αναφορά στην έννοια της Μετρησιμότητας. | ||
| 610 | 2 | 0 | |a University of the Aegean |x Dissertations. |
| 650 | 0 | 0 | |a Measure theory. |
| 650 | 0 | 0 | |a Probabilities. |
| 650 | 0 | 0 | |a Dissertations, Academic |z Greece. |
| 700 | 1 | |a Τσολομύτης, Αντώνης, |e dgs | |
| 710 | 2 | |a Πανεπιστήμιο Αιγαίου. |b Σχολή Θετικών Επιστημών. |b Τμήμα Μαθηματικών. |b Μεταπτυχιακό Πρόγραμμα Σπουδών Μαθηματική Μοντελοποίηση στις Φυσικές Επιστήμες και στις Σύγχρονες Τεχνολογίες. | |
| 852 | |a INST |b SAMOS |c DIATR |e 20090716 |h 515.42 ΧΑΤ |p 005300031240 |q 005300031240 |t MTXE |y 23 | ||
| 852 | |a INST |b SAMOS |c DIATR |e 20090716 |h 515.42 ΧΑΤ |p 005300031241 |q 005300031241 |t MTXE |y 23 | ||
| 856 | |u http://hdl.handle.net/11610/12189 | ||
| 901 | |a BIBL3-2009-2 | ||
| 924 | |a Χατζηκωνσταντή |b Δέσπω |y Σάμος |z 2009-06 | ||
| 970 | |a ΚΟΣΙΕΡΗΣ |b ΧΡΗΣΤΟΣ |z 2009/07/16 | ||